Datum a čas kvízu
40.5
Celkem bodů
Celkový počet nahraných bodů na tomto kvízu bez doplňovacích otázek.
1.
Pořadí na kvízu
Konečné umístění týmu na tomto kvízu.
Zaznamenané odpovědi
| # | Otázka | Odpověď | Body | Výsledky |
|---|---|---|---|---|
| 1. | Česká pirátská strana si minul... | Marcel Kolaja | 1 | |
| 2. | Jedna tchajwanská společnost z... | Litva | 1 | |
| 3. | Ukrajinskému ministru kultury... | Emily in Paris | 0 | |
| 4. | V úterý jedna společnost defin... | BlackBerry | 1 | |
| 5. | Extravagantní Peter „Snakebite... | v šipkách | 1 | |
| 6. | V následujícím tématu si připo... | Eleonora Šomková, Lori | 0.5 | |
| 7. | Herec Heath Ledger zemřel neče... | Kletba bratří Grimmů, Legendy z Dogtownu | 0 | |
| 8. | Anne Franková je navzdory svém... | Bergen-Belsen | 1 | |
| 9. | Nevynecháme ani známé hudebník... | 1979 | 1 | |
| 10. | V poslední otázce se vrátíme n... | 1B 2C 3D 4A | 0 |